000 00318nam a22001457a 4500
008 210305b ||||| |||| 00| 0 eng d
020 _a9781111834159
041 _aeng
080 _22nd
_a159.9
082 _a159.9
100 _a48
101 _aPSI
245 _aWhat is Psychology
_cPastorino,E
942 _2udc
_cBK
999 _c55880
_d55880